| 000 | 00777cam a2200241 a 4500 | ||
|---|---|---|---|
| 001 | 000018791 | ||
| 005 | 20200929165847.0 | ||
| 008 | 750116s1970 sp 000 f spa d | ||
| 040 |
_aDO-SdBNP _bspa _cLC _dBNPHU |
||
| 082 |
_a863.64 _bD353v |
||
| 100 | 1 |
_aDelibes, Miguel, _d1920-2010 _93297 |
|
| 245 | 1 | 0 |
_aViejas historias de Castilla la Vieja / _cMiguel Delibes. |
| 260 |
_aBarcelona : _bLumen ; _bAlianza, _c1970. |
||
| 300 |
_a152 p. ; _c18 cm. |
||
| 490 | 1 |
_aLibro del bolsillo _v164 |
|
| 500 | _aEl primer ejemplar pertenece a la colección Germán Emilio Ornes. | ||
| 650 | 4 |
_aNovela española _91123 |
|
| 650 | 4 |
_aLiteratura española _9632 |
|
| 830 | 0 |
_aLibro del bolsillo ; _v164 _940526 |
|
| 910 | _aCatalogación derivada / LC | ||
| 910 | _aWM | ||
| 049 | _aBNGR | ||
| 999 |
_c18311 _d18311 |
||